Central Library OPAC University of Rajshahi

Differential analysis : (Record no. 69706)

MARC details
000 -LEADER
fixed length control field 00901nam a2200277 a 4500
001 - CONTROL NUMBER
control field 69706
003 - CONTROL NUMBER IDENTIFIER
rucl marc code BD-RjUL
005 - DATE AND TIME OF LATEST TRANSACTION
control field 20211209081922.0
008 - FIXED-LENGTH DATA ELEMENTS--GENERAL INFORMATION
fixed length control field 170413s1980 maua b 001 0 eng d
020 ## - INTERNATIONAL STANDARD BOOK NUMBER
International Standard Book Number 0521224209 :
Terms of availability $25.00
035 ## - SYSTEM CONTROL NUMBER
System control number (BD-RjUL)69918
040 ## - CATALOGING SOURCE
Original cataloging agency DLC
Transcribing agency DLC
Modifying agency BD-RjUL
Language of cataloging eng
041 ## - LANGUAGE CODE
Language code of text/sound track or separate title eng
082 00 - DEWEY DECIMAL CLASSIFICATION NUMBER
Classification number 515.3
Edition number 23
Author mark and year FLD 1980
100 1# - MAIN ENTRY--PERSONAL NAME
Personal name Flett, T. M.
9 (RLIN) 152880
245 10 - TITLE STATEMENT
Title Differential analysis :
Remainder of title differentiation, differential equations, and differential inequalities /
Statement of responsibility, etc. T. M. Flett.
260 ## - PUBLICATION, DISTRIBUTION, ETC. (IMPRINT)
Place of publication, distribution, etc. Cambridge ;
-- New York :
Name of publisher, distributor, etc. Cambridge University Press,
Date of publication, distribution, etc. c1980.
300 ## - PHYSICAL DESCRIPTION
Pagination vi, 359 p. :
Illustrations ill. ;
Size 24 cm.
500 ## - GENERAL NOTE
General note Includes indexes.
504 ## - BIBLIOGRAPHY, ETC. NOTE
Bibliography, etc Bibliography: p. [339]-350.
650 #0 - SUBJECT ADDED ENTRY--TOPICAL TERM
Topical term or geographic name as entry element Differential calculus.
9 (RLIN) 206463
Topical term or geographic name as entry element Differential equations.
9 (RLIN) 206464
Topical term or geographic name as entry element Differential inequalities.
9 (RLIN) 206465
942 ## - ADDED ENTRY ELEMENTS (KOHA)
Source of classification or shelving scheme Dewey Decimal Classification
Koha item type Books
Holdings
Lost status Source of classification or shelving scheme Damaged status Not for loan Collection code Permanent Location Current Location Shelving location Date acquired Source of acquisition Total Checkouts Full call number Date last seen Copy number Koha item type
  Dewey Decimal Classification   Not For Loan Non-fiction Central Library, University of Rajshahi Central Library, University of Rajshahi Reading Room 05/07/1988 R.U.C.L.   515.3 FLD 1980 13/04/2017 C-1 Books